000 00377 a2200157 4500
001 60194
020 _a8599362100
040 _cAnchieta - Pituba
100 _aNiskie, Arnaldo
240 1 0 _aEducação, estágio e trabalho
_lpor
245 1 0 _aEducação, estágio e trabalho
300 _a230
362 0 _a0
650 4 _aObjetivos específicos da educação
942 _cBK
999 _c60194
_d60194